000 01015cam a22003133a 4500
001 0000783
003 DO-SdBNP
005 20180213142315.0
007 0000783
008 861112 2004 mx a 000 0 spa d
010 _a
020 _a9681905474
040 _aBPMSU
_cspa
_dBPMSU
_d
100 1 _aDahl, Roald
240 1 _aGeorge and the marvellous medicine
245 1 3 _aLa maravillosa medicina de Jorge /
_cRoald Dahl ; ilustraciones Quentin Blake
250 _a2a. ed.
260 _aMéxico :
_bSantillana ediciones generales,
_bAlfaguara,
_c2004.
_g(3a. reimpresión 2005)
_g(5a. reimpresión 2008)
300 _a118 p. :
_bil.
_c20 cm.
490 0 _aAlfaguara infantil
500 _aLa biblioteca posee la 3ra. reimpresión de julio 2005 de la segunda edición de mayo 1996.
521 _aA partir de 10 años.
600 0 0 _a
_x
700 1 2 _aBlake, Quentin
_eil.
830 0 _aAlfaguara infantil
942 _2ddc
_cBK
945 _aInventariado, 2018/ YL
956 _aYLOCKWARD
_b10
_cBPMSU
999 _c11800
_d11800